|
|
|
|
| LEADER |
01076nam a2200229 i 4500 |
| 001 |
c000236250 |
| 003 |
CARM |
| 005 |
00000000000000.0 |
| 008 |
840301s1901 nyu 0 eng d |
| 019 |
1 |
|
|a 1577212
|z 41555872
|z 45146904
|z 27333241
|5 LACONCORD2021
|
| 035 |
|
|
|a (OCoLC)1374194
|5 LACONCORD2021
|
| 082 |
0 |
4 |
|a 070.9/24
|a B
|
| 100 |
1 |
|
|a Riis, Jacob A.
|q (Jacob August),
|d 1849-1914.
|
| 245 |
1 |
4 |
|a The making of an American.
|
| 260 |
|
|
|a [New York] :
|b Macmillan,
|c 1901.
|
| 300 |
|
|
|a 443p :
|b illus ;
|c 19 cm.
|
| 500 |
|
|
|a "The papers which form this autiobiography were originally published in the Outlook, the chapter telling of my going 'home to mother' in the Churchman, and parts of one or two others in the Century magazine.".
|
| 600 |
1 |
0 |
|a Riis, Jacob A.
|q (Jacob August),
|d 1849-1914.
|
| 650 |
|
0 |
|a Editors
|z United States
|x Biography.
|
| 852 |
8 |
|
|b CARM
|h A2:AQ02A0
|i B06761
|p 0321513
|f BK
|
| 999 |
f |
f |
|i 478cc5ea-1f4e-58ef-b9af-7e0518836ace
|s 947818ff-e3d0-5d1d-8335-f8b88bcfa567
|
| 952 |
f |
f |
|p Can circulate
|a CAVAL
|b CAVAL
|c CAVAL
|d CARM 1 Store
|e B06761
|f A2:AQ02A0
|h Other scheme
|i book
|m 0321513
|